[Event "European Rapid 2011"]
[Site "Warsaw POL"]
[Date "2011.12.17"]
[Round "5"]
[White "Swiercz, Dariusz"]
[Black "Volokitin, Andrei"]
[Result "0-1"]
[WhiteTitle "GM"]
[BlackTitle "GM"]
[WhiteElo "2584"]
[BlackElo "2695"]
[WhiteFideId "1126881"]
[BlackFideId "14107090"]
[EventDate "2011.12.17"]

1. e4 e5 2. Nf3 Nc6 3. Bb5 Nf6 4. O-O Nxe4 5. d4 Nd6 6. Bxc6 dxc6 7. dxe5 Nf5 8.
Qxd8+ Kxd8 9. Nc3 Bd7 10. b3 a5 11. Bb2 Bb4 12. Rad1 Kc8 13. Ng5 Be8 14. a4 Bxc3
15. Bxc3 c5 16. Rfe1 h6 17. Ne4 b6 18. f4 Bd7 19. Kf2 h5 20. Ng5 Be6 21. Nxe6
fxe6 22. g3 Kb7 23. h3 Rag8 24. Bd2 Nd4 25. Rc1 Rd8 26. Be3 Rhf8 27. Kg2 Nf5 28.
Kf3 Rd7 29. Rcd1 Rdf7 30. Kg2 h4 31. gxh4 Nxh4+ 32. Kf2 Ng6 33. Kg2 Nxf4+ 34.
Bxf4 Rxf4 35. Re2 Kc6 36. Rd3 c4 37. Rg3 R8f7 38. Rg6 cxb3 39. cxb3 Kd5 40. Rd2+
Kxe5 41. Re2+ Kd5 42. Rexe6 Rf2+ 43. Kg1 R2f3 44. Re2 Rxb3 45. Kg2 Rb4 46. Rg5+
Kc4 47. Kg3 Kb3 48. h4 Kxa4 49. h5 Kb3 50. Rf2 Rxf2 51. Kxf2 Rf4+ 52. Ke3 Rf7
53. Kd4 c5+ 54. Kd5 a4 55. Rg6 Rf5+ 56. Kc6 Rxh5 0-1

[Event "European Rapid 2011"]
[Site "Warsaw POL"]
[Date "2011.12.17"]
[Round "5"]
[White "Potkin, Vladimir"]
[Black "Fedorov, Alexei"]
[Result "1/2-1/2"]
[WhiteTitle "GM"]
[BlackTitle "GM"]
[WhiteElo "2684"]
[BlackElo "2579"]
[WhiteFideId "4131061"]
[BlackFideId "13500465"]
[EventDate "2011.12.17"]

1. d4 Nf6 2. c4 g6 3. Nc3 Bg7 4. g3 O-O 5. Bg2 d6 6. Nf3 c5 7. dxc5 dxc5 8. O-O
Nc6 9. Bf4 Be6 10. Ne5 Na5 11. Qa4 Nh5 12. Rfd1 Qb6 13. Nd5 Bxd5 14. cxd5 Nxf4
15. gxf4 Rfd8 16. Rac1 c4 17. b4 cxb3 18. axb3 Nxb3 19. Rb1 Nc5 20. Rxb6 Nxa4
21. Rxb7 Nc3 22. Rd2 Rab8 23. Rxb8 Rxb8 24. Bf3 a5 25. Nc6 Rb1+ 26. Kg2 a4 27.
Nxe7+ Kf8 28. d6 Bf6 29. Nd5 Nxd5 30. Bxd5 Rb2 31. Rxb2 Bxb2 32. e4 f6 33. Kf3
a3 34. Kg4 Ke8 35. Be6 Bd4 36. f3 Bc5 37. d7+ Ke7 38. h4 h5+ 39. Kh3 Bb6 40. f5
gxf5 41. exf5 Bf2 42. f4 Be1 43. Kg2 Bxh4 44. Kh3 Be1 45. Kg2 1/2-1/2

[Event "European Rapid 2011"]
[Site "Warsaw POL"]
[Date "2011.12.17"]
[Round "5"]
[White "Jaracz, Pawel"]
[Black "Korobov, Anton"]
[Result "0-1"]
[WhiteTitle "GM"]
[BlackTitle "GM"]
[WhiteElo "2542"]
[BlackElo "2660"]
[WhiteFideId "1102222"]
[BlackFideId "14105730"]
[EventDate "2011.12.17"]

1. d4 Nf6 2. c4 g6 3. Nf3 Bg7 4. Nc3 d6 5. g3 O-O 6. Bg2 Nbd7 7. O-O e5 8. e4 a6
9. Qc2 exd4 10. Nxd4 Re8 11. Re1 Nc5 12. h3 Ne6 13. Nde2 Bd7 14. a4 h6 15. Kh2
Nc5 16. Be3 Qe7 17. f3 a5 18. Bf2 h5 19. Rad1 Rad8 20. Nd4 h4 21. g4 Bh6 22. Kg1
Bg5 23. Nde2 Ne6 24. b3 Qf8 25. Nd5 Qg7 26. Kh1 Qh8 27. Bg1 b6 28. Bh2 Nxd5 29.
cxd5 Nc5 30. f4 Bf6 31. Ng1 Bc3 32. Re3 Bd4 33. Re2 Bxg1 34. Kxg1 b5 35. axb5
Bxb5 36. Ree1 a4 37. b4 Na6 38. e5 Qg7 39. g5 Rb8 40. f5 dxe5 41. f6 Qf8 42. d6
Nxb4 43. Qxc7 Nd3 44. Rxd3 Bxd3 45. d7 Red8 46. Bxe5 Qb4 47. Rc1 Kh7 48. Qc3
Qxc3 49. Rxc3 Rb1+ 50. Kh2 Bf5 51. Rc4 a3 52. Rxh4+ Kg8 53. Ra4 Rb3 54. Bc6 Bxd7
55. Rd4 Rxh3+ 56. Kg2 Rh5 0-1

[Event "European Rapid 2011"]
[Site "Warsaw POL"]
[Date "2011.12.17"]
[Round "5"]
[White "Socko, Bartosz"]
[Black "Leniart, Arkadiusz"]
[Result "1/2-1/2"]
[WhiteTitle "GM"]
[BlackTitle "IM"]
[WhiteElo "2635"]
[BlackElo "2455"]
[WhiteFideId "1107038"]
[BlackFideId "1124226"]
[EventDate "2011.12.17"]

1. e4 c5 2. Nf3 d6 3. d4 cxd4 4. Nxd4 Nf6 5. Nc3 a6 6. Be3 e5 7. Nf3 Qc7 8. a4
Be6 9. Be2 Nbd7 10. O-O Be7 11. Nd5 Nxd5 12. exd5 Bf5 13. c3 a5 14. Nd2 O-O 15.
Bb5 Nb6 16. Qb3 Nd7 17. Rae1 Nc5 18. Qa3 Rac8 19. f3 h6 20. Bxc5 dxc5 21. Nc4
Bd3 22. Rf2 Bxc4 23. Bxc4 Bd6 24. g4 f5 25. gxf5 Rxf5 26. Qb3 Rf4 27. Re4 Rcf8
28. Qd1 Qf7 29. Rxf4 Qxf4 30. Qe2 Rf5 31. Rg2 Qc1+ 32. Qf1 Qe3+ 33. Qf2 Qc1+ 34.
Qf1 Qe3+ 35. Qf2 Qxf3 36. Qxf3 Rxf3 37. Rg6 Rf6 38. Rxf6 gxf6 39. Bd3 Kg7 40.
Kg2 f5 1/2-1/2

[Event "European Rapid 2011"]
[Site "Warsaw POL"]
[Date "2011.12.17"]
[Round "5"]
[White "Klim, Kamil"]
[Black "Romanov, Evgeny"]
[Result "0-1"]
[BlackTitle "GM"]
[WhiteElo "2381"]
[BlackElo "2627"]
[WhiteFideId "1130633"]
[BlackFideId "4148843"]
[EventDate "2011.12.17"]

1. d4 d5 2. c4 c6 3. Nf3 Nf6 4. e3 Bf5 5. Nc3 e6 6. Nh4 Be4 7. Qb3 Qb6 8. f3
Qxb3 9. axb3 Bc2 10. g4 Bxb3 11. cxd5 Nxd5 12. Bd2 Nb4 13. Kf2 Nd7 14. Be2 Be7
15. Ng2 e5 16. Ra3 Be6 17. dxe5 Nxe5 18. Nf4 O-O-O 19. Ne4 a6 20. Nxe6 fxe6 21.
Raa1 Nbd3+ 22. Bxd3 Rxd3 23. Bc3 Nc4 24. Bxg7 Bh4+ 25. Kg2 Rg8 26. Bh6 Nxe3+ 27.
Bxe3 Rxe3 28. Rhd1 h5 29. h3 Re2+ 30. Kg1 Rxb2 31. Rd6 hxg4 32. hxg4 Bd8 33. Rd2
Rxd2 34. Nxd2 a5 35. Nc4 b5 36. Ne5 Bf6 37. Rxa5 Bxe5 0-1

[Event "European Rapid 2011"]
[Site "Warsaw POL"]
[Date "2011.12.17"]
[Round "5"]
[White "Erdos, Viktor"]
[Black "Kovalev, Vladislav"]
[Result "1-0"]
[WhiteTitle "GM"]
[BlackTitle "FM"]
[WhiteElo "2623"]
[BlackElo "2446"]
[WhiteFideId "719978"]
[BlackFideId "13504398"]
[EventDate "2011.12.17"]

1. d4 Nf6 2. c4 g6 3. Nc3 Bg7 4. e4 d6 5. f3 O-O 6. Nge2 Nc6 7. Be3 a6 8. Qd2
Rb8 9. Rc1 e6 10. g3 Bd7 11. Nd1 Ne7 12. Bg2 b5 13. c5 b4 14. O-O Bb5 15. Nf2
Nd7 16. cxd6 cxd6 17. Rfe1 a5 18. Bh6 Bxh6 19. Qxh6 Qb6 20. Qd2 Rfc8 21. Nf4
Rxc1 22. Rxc1 Rc8 23. Rxc8+ Nxc8 24. h4 Ne7 25. Kh2 Qc7 26. Ng4 Qc4 27. a3 e5
28. dxe5 dxe5 29. Nxe5 Nxe5 30. Qd8+ Kg7 31. Qxe7 Nc6 32. Qc7 Qb3 33. axb4 Qxb2
34. bxa5 Ne5 35. Qa7 Nxf3+ 36. Kh3 Bd7+ 37. Qxd7 Ng1+ 38. Kh2 Nf3+ 39. Kh3 Ng1+
40. Kg4 h5+ 41. Nxh5+ gxh5+ 42. Kxh5 Qxg2 43. Qg4+ Kh7 44. Qf5+ Kg7 45. e5 Qa2
46. Qf6+ Kh7 47. Qh6+ Kg8 48. Qg5+ Kh7 49. Qf5+ Kg7 50. e6 fxe6 51. Qg6+ Kf8 52.
Qf6+ Ke8 53. Kg6 Ne2 54. g4 Qc2+ 55. Kg7 Qc7+ 56. Kg8 Qc4 57. g5 Nf4 58. Qf7+
Kd8 59. a6 Qxa6 60. Qxf4 Ke7 61. Qf8+ Kd7 62. g6 Qc4 63. h5 Qg4 64. Qf7+ Kd6 65.
h6 Kd5 66. h7 1-0

[Event "European Rapid 2011"]
[Site "Warsaw POL"]
[Date "2011.12.17"]
[Round "5"]
[White "Azarov, Sergei"]
[Black "Przedmojski, Rafal"]
[Result "1-0"]
[WhiteTitle "GM"]
[WhiteElo "2667"]
[BlackElo "2378"]
[WhiteFideId "13501470"]
[BlackFideId "1102451"]
[EventDate "2011.12.17"]

1. e4 c6 2. Nc3 d5 3. Nf3 a6 4. h3 dxe4 5. Nxe4 Nd7 6. d4 Ngf6 7. Nxf6+ Nxf6 8.
Bd3 e6 9. O-O c5 10. Re1 cxd4 11. Nxd4 Be7 12. c3 O-O 13. Qe2 Bc5 14. Be3 Qc7
15. Bg5 Bxd4 16. cxd4 Nd5 17. Rac1 Qd6 18. Qh5 f5 19. Re5 Bd7 20. Rce1 Rac8 21.
Qe2 b5 22. a3 Nb6 23. Qe3 h6 24. Bxh6 Rf7 25. Bf4 Nd5 26. Qg3 Nxf4 27. Qxf4 Rd8
28. Bb1 Bc8 29. d5 exd5 30. Ba2 Rf6 31. Qg5 Kh7 32. Rxd5 Qf8 33. Qh4+ Kg6 34.
Re3 Rxd5 35. Bxd5 f4 36. Re5 Bf5 37. Be4 Qc8 38. Qg4+ 1-0

[Event "European Rapid 2011"]
[Site "Warsaw POL"]
[Date "2011.12.17"]
[Round "5"]
[White "Akesson, Ralf"]
[Black "Gajewski, Grzegorz"]
[Result "1-0"]
[WhiteTitle "GM"]
[BlackTitle "GM"]
[WhiteElo "2421"]
[BlackElo "2616"]
[WhiteFideId "1700120"]
[BlackFideId "1116207"]
[EventDate "2011.12.17"]

1. d4 Nf6 2. c4 e6 3. Nc3 Bb4 4. Qc2 c5 5. dxc5 Bxc5 6. Nf3 Qb6 7. e3 Qc7 8. b3
b6 9. Bb2 Bb7 10. Be2 O-O 11. O-O a6 12. Ng5 h6 13. Nge4 Be7 14. Rfd1 Nxe4 15.
Nxe4 f5 16. Ng3 Bf6 17. Bxf6 Rxf6 18. Rd2 Nc6 19. Rad1 Ne5 20. f4 Qc6 21. Bh5
Ng4 22. Bxg4 fxg4 23. Rxd7 Raf8 24. R1d6 Qc5 25. Qc3 R8f7 26. b4 1-0

[Event "European Rapid 2011"]
[Site "Warsaw POL"]
[Date "2011.12.17"]
[Round "5"]
[White "Melkumyan, Hrant"]
[Black "Brendel, Oliver"]
[Result "1-0"]
[WhiteTitle "GM"]
[BlackTitle "IM"]
[WhiteElo "2615"]
[BlackElo "2362"]
[WhiteFideId "13302485"]
[BlackFideId "4602048"]
[EventDate "2011.12.17"]

1. d4 Nf6 2. c4 g6 3. Nc3 d5 4. Nf3 Bg7 5. cxd5 Nxd5 6. e4 Nxc3 7. bxc3 c5 8.
Rb1 O-O 9. Be2 Nc6 10. d5 Bxc3+ 11. Bd2 Bxd2+ 12. Qxd2 Na5 13. h4 Bg4 14. h5
Bxf3 15. gxf3 e5 16. hxg6 fxg6 17. d6 b6 18. Qd5+ Kg7 19. Qxe5+ Qf6 20. Qh2 h5
21. Qg3 Nc6 22. Kf1 Rad8 23. Rd1 Qe5 24. Rd5 Qxg3 25. fxg3 Nd4 26. f4 Nxe2 27.
Kxe2 Kf6 28. Rg5 Rfe8 29. e5+ Kf7 30. Kd3 b5 31. g4 hxg4 32. Rh7+ Ke6 33. Ke4 1-0

[Event "European Rapid 2011"]
[Site "Warsaw POL"]
[Date "2011.12.17"]
[Round "5"]
[White "Poetsch, Hagen"]
[Black "Lintchevski, Daniil"]
[Result "0-1"]
[WhiteTitle "IM"]
[BlackTitle "GM"]
[WhiteElo "2408"]
[BlackElo "2575"]
[WhiteFideId "24615137"]
[BlackFideId "4171055"]
[EventDate "2011.12.17"]

1. e4 c6 2. d4 d5 3. e5 Bf5 4. Nf3 e6 5. Be2 c5 6. Be3 Qb6 7. Nc3 Nc6 8. O-O
Qxb2 9. Qe1 cxd4 10. Bxd4 Nxd4 11. Nxd4 Bb4 12. Rb1 Bxc3 13. Rxb2 Bxe1 14. Rxe1
b6 15. Nxf5 exf5 16. c4 Rd8 17. Rd2 dxc4 18. Rxd8+ Kxd8 19. Bxc4 Nh6 20. f4 Ke7
21. Bb3 Rd8 22. Re3 Rd4 23. Rg3 Kf8 24. Rc3 Rxf4 25. Rc8+ Ke7 26. Rc7+ Kd8 27.
Rxa7 Re4 28. e6 fxe6 29. h3 f4 30. Rxg7 Nf5 31. Rxh7 Ng3 32. Kf2 Re3 33. Rf7 e5
34. h4 Ke8 35. Rb7 e4 36. Bc4 Rc3 37. Bb5+ Kd8 38. Rd7+ Kc8 39. Rf7 Rc2+ 40. Kg1
Rc1+ 41. Kf2 Rc2+ 42. Kg1 Rc1+ 43. Kf2 Rc2+ 44. Kg1 f3 45. gxf3 e3 46. Re7 Nf5
47. Re8+ Kc7 48. Bd3 Rc1+ 49. Kh2 Nxh4 50. Kg3 Rc3 51. Bh7 Kd7 52. Re4 e2 53.
Kxh4 Rc4 54. Bf5+ Kd6 55. Rxc4 e1=Q+ 56. Kg5 Qd2+ 57. f4 Qxa2 58. Rc8 Qb2 59.
Rd8+ Kc6 60. Rd1 b5 61. Bh7 Qg7+ 62. Bg6 Qe7+ 63. Kf5 b4 64. Rb1 Kc5 65. Kg4 b3
66. Kf3 Kc4 67. Bf5 Qf6 68. Bh7 b2 69. Rf1 Kc3 70. Bb1 Qc6+ 71. Kg3 Kd2 72. f5
Ke2 73. Rf2+ Ke3 74. Rxb2 Qc7+ 75. Kh4 Qh7+ 0-1

[Event "European Rapid 2011"]
[Site "Warsaw POL"]
[Date "2011.12.17"]
[Round "5"]
[White "Schmidt, Wlodzimierz"]
[Black "Podolchenko, Evgeniy"]
[Result "1-0"]
[WhiteTitle "GM"]
[BlackTitle "GM"]
[WhiteElo "2378"]
[BlackElo "2484"]
[WhiteFideId "1100041"]
[BlackFideId "13504134"]
[EventDate "2011.12.17"]

1. d4 Nf6 2. c4 e6 3. Nc3 Bb4 4. Qc2 O-O 5. a3 Bxc3+ 6. Qxc3 b5 7. cxb5 c6 8.
Qd3 cxb5 9. e4 Bb7 10. f3 a6 11. Bg5 d6 12. Ne2 Nbd7 13. Nc3 h6 14. Be3 Nb6 15.
b3 Rc8 16. Be2 Qc7 17. Rc1 Qe7 18. O-O d5 19. e5 Nfd7 20. Nb1 Nb8 21. f4 Rxc1
22. Bxc1 Nc6 23. Be3 Qd7 24. Bd1 Ne7 25. Bd2 Rc8 26. Bb4 Rc6 27. Nd2 Rc1 28. Bc2
Rxf1+ 29. Nxf1 g6 30. Ne3 Nf5 31. Ng4 Qc6 32. Nf6+ Kg7 33. Bc5 Nd7 34. Nxd7 Qxd7
35. g4 Nh4 36. Qg3 Qd8 37. b4 Bc8 38. Kf2 g5 39. Qd3 Qg8 40. Be7 Ng6 41. Bf6+
Kh7 42. fxg5 1-0

[Event "European Rapid 2011"]
[Site "Warsaw POL"]
[Date "2011.12.17"]
[Round "5"]
[White "Czerwonski, Aleksander"]
[Black "Simonian, Hrair"]
[Result "1/2-1/2"]
[WhiteTitle "IM"]
[BlackTitle "GM"]
[WhiteElo "2371"]
[BlackElo "2468"]
[WhiteFideId "1100459"]
[BlackFideId "13302337"]
[EventDate "2011.12.17"]

1. d4 Nf6 2. c4 e6 3. Nf3 b6 4. g3 Bb7 5. Bg2 Be7 6. Nc3 O-O 7. Qc2 d5 8. cxd5
exd5 9. O-O c5 10. Bf4 Nc6 11. Rad1 cxd4 12. Nxd4 Nxd4 13. Rxd4 Bc5 14. Rdd1 Qc8
15. Be5 Ne4 16. Bd4 Bxd4 17. Rxd4 Qc5 18. Rfd1 Rac8 19. Qa4 Nxc3 20. bxc3 a5 21.
c4 Bc6 22. Qb3 a4 23. Qd3 dxc4 24. Rxc4 Qxc4 25. Qxc4 Bxg2 26. Qxa4 Bh3 27. f3
Be6 28. a3 Ra8 29. Qb4 b5 30. Kf2 h6 31. Rd3 Bc4 32. Re3 Rfd8 33. g4 Rdb8 34. h4
Be6 35. Kg3 Bc4 36. Qe7 Ra6 37. h5 Rba8 38. Qc5 Re6 39. Rxe6 Bxe6 40. e3 Ra4 41.
f4 Ra8 42. Qe7 Bc4 43. g5 hxg5 44. fxg5 Ra6 45. Qc5 Kh7 46. Qf5+ g6 47. hxg6+
Rxg6 48. Kf4 Kg7 49. Qe5+ Kh7 50. Qe4 Bb3 51. Qb4 Ba4 52. Qe7 Kg7 53. Qe5+ Kg8
54. e4 Re6 55. Qc3 Rg6 56. Kf5 Re6 57. e5 Rg6 58. Qc8+ Kg7 59. Qd7 Bc2+ 60. Kf4
Ba4 61. Qd4 Kg8 62. Kf5 Bc2+ 63. Kf4 Ba4 64. Ke3 Re6 65. Qd8+ Kg7 66. Kd4 Rg6
67. Kd5 Re6 68. Qd7 Bb3+ 69. Kd4 Ba4 70. Kd5 Bb3+ 71. Kd4 Ba4 72. Kd5 1/2-1/2

[Event "European Rapid 2011"]
[Site "Warsaw POL"]
[Date "2011.12.17"]
[Round "5"]
[White "Deszczynski, Adam"]
[Black "Kanarek, Marcel"]
[Result "1-0"]
[BlackTitle "IM"]
[WhiteElo "2356"]
[BlackElo "2467"]
[WhiteFideId "1102753"]
[BlackFideId "1126822"]
[EventDate "2011.12.17"]

1. e4 c5 2. Nf3 Nc6 3. Bb5 e6 4. Bxc6 bxc6 5. d3 Qc7 6. O-O d6 7. Re1 f6 8. c3
Ne7 9. d4 cxd4 10. cxd4 g6 11. Nc3 Bg7 12. Be3 O-O 13. Qd2 Kh8 14. Bh6 e5 15.
Bxg7+ Kxg7 16. Rad1 Bg4 17. dxe5 dxe5 18. Qd6 Qxd6 19. Rxd6 Rfd8 20. Red1 Rxd6
21. Rxd6 Rb8 22. b3 Rb4 23. Ne1 Rd4 24. Rxd4 exd4 25. Na4 Be2 26. f3 f5 27. Kf2
Ba6 28. Nc5 Bc8 29. Nc2 fxe4 30. fxe4 Kf6 31. Nxd4 Ke5 32. Ke3 Kd6 33. b4 a5 34.
a3 axb4 35. axb4 g5 36. Nf3 h6 37. Kd4 Ng6 38. g3 Bg4 39. e5+ Ke7 40. Nd2 Be2
41. Nde4 Bd1 42. Nd6 Bg4 43. Nc4 Bf3 44. Ne3 h5 45. Nf5+ Kf7 46. Nd6+ Ke7 47.
Nde4 g4 48. Nd6 Kd8 49. Nf5 Kc7 50. Ng7 h4 51. Nge6+ Kc8 52. Nd3 hxg3 53. hxg3
Kd7 54. Ndf4 Ne7 55. Ng7 Kc7 56. Kc5 Ng8 57. Nfe6+ Kd7 58. Nd4 Be4 59. e6+ Kc7
60. Ne8+ Kd8 61. Nd6 Nf6 62. Nxe4 Nxe4+ 63. Kxc6 Ke8 64. Nf5 Nf6 65. Nd6+ Ke7
66. b5 Kxe6 67. b6 Nd7 68. b7 Nb8+ 69. Kb6 Kd5 1-0

[Event "European Rapid 2011"]
[Site "Warsaw POL"]
[Date "2011.12.17"]
[Round "5"]
[White "Grabarczyk, Miroslaw"]
[Black "Briestensky, Rastislav"]
[Result "1-0"]
[WhiteTitle "GM"]
[BlackTitle "FM"]
[WhiteElo "2457"]
[BlackElo "2293"]
[WhiteFideId "1101684"]
[BlackFideId "14900394"]
[EventDate "2011.12.17"]

1. d4 Nf6 2. c4 e6 3. Nf3 Bb4+ 4. Bd2 Qe7 5. g3 O-O 6. Bg2 Bxd2+ 7. Qxd2 d6 8.
Nc3 e5 9. O-O c6 10. e4 a5 11. h3 Re8 12. Rad1 b6 13. Rfe1 Nbd7 14. Qe3 Ba6 15.
b3 Rec8 16. Rd2 b5 17. cxb5 cxb5 18. dxe5 dxe5 19. Red1 Rc7 20. Nd5 Nxd5 21.
Rxd5 f6 22. Nh4 g6 23. Qh6 Nf8 24. Bf1 Bb7 25. Rd6 Bxe4 26. Bxb5 g5 27. Bc4+ Kh8
28. Rxf6 Qg7 29. Nf5 Qxh6 30. Nxh6 a4 31. Ng4 axb3 32. axb3 Kg7 33. Rfd6 Bf3 34.
Re1 e4 35. Ne5 Bh5 36. Rxe4 Re7 37. Re3 Ra1+ 38. Kg2 Rb1 39. Ng4 Rc7 40. Nf6 Bg6 1-0

[Event "European Rapid 2011"]
[Site "Warsaw POL"]
[Date "2011.12.17"]
[Round "5"]
[White "Movsesian, Sergei"]
[Black "Bjertrup, Michael"]
[Result "1-0"]
[WhiteTitle "GM"]
[WhiteElo "2710"]
[BlackElo "2256"]
[WhiteFideId "310204"]
[BlackFideId "1400584"]
[EventDate "2011.12.17"]

1. e4 d5 2. exd5 Qxd5 3. Nf3 Nf6 4. d4 c6 5. c4 Qd8 6. h3 g6 7. Bd3 Bg7 8. O-O
O-O 9. Nc3 b6 10. Bf4 Bb7 11. Re1 Nbd7 12. Qd2 Re8 13. Rad1 e6 14. Qe3 c5 15.
dxc5 Nxc5 16. Bxg6 hxg6 17. Rxd8 Raxd8 18. Ne5 Nh5 19. Bh2 Nd7 20. Rd1 Nxe5 21.
Rxd8 Rxd8 22. Bxe5 Bf8 23. Ne4 1-0

[Event "European Rapid 2011"]
[Site "Warsaw POL"]
[Date "2011.12.17"]
[Round "5"]
[White "Paterek, Michal"]
[Black "Kryvoruchko, Yuriy"]
[Result "0-1"]
[WhiteTitle "FM"]
[BlackTitle "GM"]
[WhiteElo "2257"]
[BlackElo "2666"]
[WhiteFideId "1116142"]
[BlackFideId "14109182"]
[EventDate "2011.12.17"]

1. d4 Nf6 2. c4 e6 3. Nc3 Bb4 4. e3 O-O 5. Ne2 d5 6. a3 Be7 7. cxd5 exd5 8. g3
a5 9. Bg2 c6 10. O-O Na6 11. f3 Nc7 12. g4 Ne6 13. Ng3 c5 14. Nf5 Re8 15. Nxe7+
Qxe7 16. f4 cxd4 17. exd4 Nc7 18. f5 Bd7 19. Bf4 Bc6 20. g5 Ne4 21. f6 Qd7 22.
Qh5 Ne6 23. Bh3 Qd8 24. Nxe4 dxe4 25. Be3 Qd5 26. Rac1 Nxd4 27. Rf4 Nf3+ 28. Kg2
g6 29. Qh6 Qxg5+ 30. Qxg5 Nxg5 31. Bg4 Rad8 32. h4 Ne6 33. Rf2 Rd3 34. Re1 h5
35. Bxe6 Rxe6 36. Kg3 Kf8 37. Rf4 Ke8 38. Kf2 Kd7 39. Re2 Re5 40. Rd2 Ke6 41.
Ke2 Rb5 42. Rxd3 exd3+ 43. Kxd3 Rxb2 44. Kc3 Ra2 45. Bc5 Ra1 46. Rf2 Rc1+ 47.
Kd4 Rd1+ 48. Kc3 Bb5 49. Bb6 Rd3+ 50. Kb2 a4 51. Bc5 Rb3+ 52. Kc2 Ke5 53. Be7
Rh3 54. Rg2 Bd3+ 55. Kd2 Be4 56. Rg5+ Bf5 57. Rg2 Rxh4 58. Re2+ Re4 59. Rh2 h4
60. Rh1 h3 61. Rc1 Rd4+ 62. Ke3 h2 63. Rc5+ Rd5 64. Rc1 Rd4 0-1

[Event "European Rapid 2011"]
[Site "Warsaw POL"]
[Date "2011.12.17"]
[Round "5"]
[White "Timofeev, Artyom"]
[Black "Przezdziecka, Marta"]
[Result "1-0"]
[WhiteTitle "GM"]
[BlackTitle "WGM"]
[WhiteElo "2659"]
[BlackElo "2249"]
[WhiteFideId "4140419"]
[BlackFideId "1123009"]
[EventDate "2011.12.17"]

1. c4 Nf6 2. Nf3 g6 3. g3 Bg7 4. Bg2 O-O 5. O-O d5 6. cxd5 Nxd5 7. d4 Nc6 8. e4
Nb6 9. d5 Na5 10. Nc3 e6 11. Bg5 f6 12. Be3 Nac4 13. Bc5 Re8 14. b3 Nd6 15. dxe6
Bxe6 16. Nd4 Bf7 17. Qc2 Nbc8 18. Rad1 a5 19. Ncb5 Bf8 20. Ne2 Ra6 21. e5 Rxe5
22. Bxb7 Rxc5 23. Qxc5 Rb6 24. Bd5 Qe8 25. Nxd6 Bxd6 26. Qc4 Bxd5 27. Qxd5+ Kg7
28. Rfe1 Ne7 29. Qe4 Qf7 30. Nd4 Nf5 31. Nxf5+ 1-0

[Event "European Rapid 2011"]
[Site "Warsaw POL"]
[Date "2011.12.17"]
[Round "5"]
[White "Howell, David W L"]
[Black "Kulon, Klaudia"]
[Result "1-0"]
[WhiteTitle "GM"]
[BlackTitle "WFM"]
[WhiteElo "2633"]
[BlackElo "2238"]
[WhiteFideId "410608"]
[BlackFideId "1131044"]
[EventDate "2011.12.17"]

1. e4 e5 2. Nf3 Nc6 3. Bb5 a6 4. Ba4 Nf6 5. O-O b5 6. Bb3 Be7 7. Re1 d6 8. c3
O-O 9. h3 Na5 10. Bc2 c5 11. d4 Qc7 12. Nbd2 cxd4 13. cxd4 Nc6 14. a3 exd4 15.
Nb3 Nd7 16. Nfxd4 Nxd4 17. Nxd4 Bf6 18. Be3 Ne5 19. b3 Bd7 20. Rc1 Qa5 21. Ne2
Rfd8 22. Nf4 Bc6 23. Nh5 Be7 24. f4 Nd7 25. b4 Qxa3 26. Qd4 Nf6 27. Nxg7 d5 28.
Nf5 Qxb4 29. e5 Ne4 30. Qd1 Kh8 31. Rb1 d4 32. Rxb4 Bxb4 33. Bxd4 Rxd4 34. Nxd4 1-0

[Event "European Rapid 2011"]
[Site "Warsaw POL"]
[Date "2011.12.17"]
[Round "5"]
[White "Laimins, Lauris"]
[Black "Mastrovasilis, Dimitrios"]
[Result "1/2-1/2"]
[BlackTitle "GM"]
[WhiteElo "2244"]
[BlackElo "2621"]
[WhiteFideId "11602465"]
[BlackFideId "4202694"]
[EventDate "2011.12.17"]

1. d4 d5 2. Nf3 c6 3. c4 Nf6 4. cxd5 cxd5 5. Nc3 Nc6 6. Bf4 a6 7. e3 Bg4 8. Be2
e6 9. O-O Bd6 10. Bxd6 Qxd6 11. Rc1 O-O 12. Na4 Nd7 13. Nd2 Bxe2 14. Qxe2 Rfc8
15. Nb3 Ne7 16. Nac5 b6 17. Nxd7 Qxd7 18. Rxc8+ Nxc8 19. Rc1 Nd6 20. Nd2 Rc8 21.
Qd1 Rc6 22. h3 Qc7 23. Rxc6 Qxc6 24. Nf3 Qc4 25. a3 Qa2 26. Qa4 h6 27. Qd7 1/2-1/2

[Event "European Rapid 2011"]
[Site "Warsaw POL"]
[Date "2011.12.17"]
[Round "5"]
[White "Nasuta, Grzegorz"]
[Black "Ruck, Robert"]
[Result "0-1"]
[BlackTitle "GM"]
[WhiteElo "2230"]
[BlackElo "2579"]
[WhiteFideId "1141686"]
[BlackFideId "705713"]
[EventDate "2011.12.17"]

1. e4 c5 2. Nf3 d6 3. d4 cxd4 4. Nxd4 Nf6 5. Nc3 a6 6. Bg5 e6 7. f4 Be7 8. Qf3
Qc7 9. O-O-O Nbd7 10. g4 h6 11. Bh4 g5 12. fxg5 Ne5 13. Qg3 Nfxg4 14. gxh6 Bxh4
15. Qxh4 Qe7 16. Qg3 Qg5+ 17. Kb1 Qe3 18. Rg1 Qxg3 19. Rxg3 Rxh6 20. h3 Nf6 21.
Nf3 Ke7 22. Nxe5 dxe5 23. Na4 b5 24. Nc5 Rb8 25. Rgd3 Rb6 26. b4 Rh8 27. c3 Rc6
28. Bg2 Nh5 29. Bf1 Rg8 30. Kb2 Nf4 31. R3d2 Rg3 32. Rd8 Rf3 33. Rh8 Rc7 34. a4
bxa4 35. Nxa4 Rf2+ 36. Kb3 Rf3 37. Kb2 Kf6 38. Rxc8 0-1

[Event "European Rapid 2011"]
[Site "Warsaw POL"]
[Date "2011.12.17"]
[Round "5"]
[White "Budrewicz, Krzysztof"]
[Black "Zhigalko, Andrey"]
[Result "0-1"]
[BlackTitle "GM"]
[WhiteElo "2229"]
[BlackElo "2572"]
[WhiteFideId "1127950"]
[BlackFideId "13502247"]
[EventDate "2011.12.17"]

1. d4 Nf6 2. c4 g6 3. Nc3 Bg7 4. e4 d6 5. Be2 O-O 6. Bg5 Na6 7. Qd2 e5 8. d5 c6
9. h4 Nc5 10. f3 cxd5 11. cxd5 Bd7 12. Nh3 a5 13. Nf2 a4 14. h5 h6 15. Bh4 Qa5
16. Bxf6 Bxf6 17. Qxh6 Bg7 18. Qd2 a3 19. b3 Bh6 20. Qc2 Rac8 21. Nd1 Kg7 22.
hxg6 fxg6 23. Rb1 Qb4 24. O-O Bf4 25. Nf2 Rh8 26. g3 Bxg3 27. Ncd1 Rh2 28. Qc3
Qb6 29. Qd2 0-1

[Event "European Rapid 2011"]
[Site "Warsaw POL"]
[Date "2011.12.17"]
[Round "5"]
[White "Baliasnyj, Timur"]
[Black "Vovk, Yuri"]
[Result "0-1"]
[BlackTitle "GM"]
[WhiteElo "2224"]
[BlackElo "2571"]
[WhiteFideId "12802719"]
[BlackFideId "14113171"]
[EventDate "2011.12.17"]

1. c4 e5 2. g3 Nf6 3. Bg2 d5 4. cxd5 Nxd5 5. Nc3 Nb6 6. Nf3 Nc6 7. a4 a5 8. O-O
Be7 9. d3 O-O 10. Be3 Be6 11. Rc1 Nd5 12. Nxd5 Bxd5 13. Bc5 Re8 14. Qc2 Bxc5 15.
Qxc5 Ra6 16. Rfd1 Rb6 17. d4 e4 18. Ne5 Rxb2 19. Nxc6 bxc6 20. Qxa5 Rxe2 21. Rd2
Rxd2 22. Qxd2 Qd6 23. a5 Ra8 24. h4 Qa3 25. Rc5 Rb8 26. Kh2 e3 27. fxe3 Rb2 28.
Rc2 Rxc2 29. Qxc2 Qxa5 30. e4 Qa2 31. Qxa2 Bxa2 32. Kg1 Kf8 33. Kf2 Ke7 34. Ke3
Be6 35. Kd3 f6 36. Kc3 Kd6 37. Kb4 Bf7 38. Bf3 Bg6 0-1